ADVANCED INORGANIC ANALYSIS (Record no. 9324)

MARC details
000 -LEADER
fixed length control field 00550nam a22001697a 4500
003 - CONTROL NUMBER IDENTIFIER
control field SGT
020 ## - INTERNATIONAL STANDARD BOOK NUMBER
International Standard Book Number 9789350063927
082 ## - DEWEY DECIMAL CLASSIFICATION NUMBER
Classification number 543.1,AGA
100 ## - MAIN ENTRY--PERSONAL NAME
Personal name AGARWAL,S.K.
245 ## - TITLE STATEMENT
Title ADVANCED INORGANIC ANALYSIS
250 ## - EDITION STATEMENT
Edition statement 12TH
260 ## - PUBLICATION, DISTRIBUTION, ETC. (IMPRINT)
Place of publication, distribution, etc NEW DELHI
Name of publisher, distributor, etc PRAGATI
Year of Publication 2014
300 ## - PAGE DESCRIPTION
No. of Pages 468
650 ## - SUBJECT ADDED ENTRY--TOPICAL TERM
Topical term or geographic name as entry element GENERAL TOPICS IN ANALYTICAL CHEMISTRY
653 ## - KEYWORDS--INDEX TERM
Keyword term QUALITATIVE INORGANIC ANALYSIS,ANALYSIS OF ACIDIC RADICALS,REMOVAL OF INTERFERING RADICALS,QUANTITATIVE INORGANIC ANALYSIS,OXIDATION-REDUCTION,PRECIPITATION TITRATIONS,
942 ## - ADDED ENTRY ELEMENTS (KOHA)
Source of classification or shelving scheme Dewey Decimal Classification
Koha item type FPS Books
942 ## - ADDED ENTRY ELEMENTS (KOHA)
-- 4
Holdings
Withdrawn status Lost status Source of classification or shelving scheme Damaged status Not for loan Collection code Home library Current library Shelving location Date acquired Vendor Name Cost, normal purchase price SGTU Bill Number Full call number Accession No. (Barcode) Date last seen Bill Date Koha item type Total Checkouts Date last borrowed
    Dewey Decimal Classification   Not For Loan SCIENCE SGT Science & Social Sciences Library SGT Science & Social Sciences Library Reference Book 29/06/2016 AHUJA BOOK 270.00 SGTU 6769 543.1,AGA PS1541 29/06/2016 19/03/2016 FPS Books    
    Dewey Decimal Classification     SCIENCE SGT Science & Social Sciences Library SGT Science & Social Sciences Library Text Book 29/06/2016 AHUJA BOOK 270.00 SGTU 6769 543.1,AGA PS1542 06/04/2018 19/03/2016 FPS Books 1 06/04/2018
    Dewey Decimal Classification     SCIENCE SGT Science & Social Sciences Library SGT Science & Social Sciences Library Text Book 29/06/2016 AHUJA BOOK 270.00 SGTU 6769 543.1,AGA PS1543 08/02/2019 19/03/2016 FPS Books 3 31/01/2019
    Dewey Decimal Classification     SCIENCE SGT Science & Social Sciences Library SGT Science & Social Sciences Library Text Book 29/06/2016 SPARSH BOOK 270.00 SGTU 1290 543.1,AGA PS534 27/02/2023 25/11/2014 FPS Books 5 10/02/2023
    Dewey Decimal Classification     SCIENCE SGT Science & Social Sciences Library SGT Science & Social Sciences Library Text Book 29/06/2016 SPARSH BOOK 270.00 SGTU 1290 543.1,AGA PS535 12/07/2022 25/11/2014 FPS Books 3 17/05/2022